| 000 | 00811nam a22002297a 4500 | ||
|---|---|---|---|
| 999 |
_c3034 _d3034 |
||
| 001 | 3034 | ||
| 003 | BD-JhCC | ||
| 005 | 20171109164738.0 | ||
| 008 | 171109s2005 xxuaob|| |||| 00| 0 ben d | ||
| 020 | _a9842000176 | ||
| 035 | _a(BD-JhCC)3034 | ||
| 040 |
_aBD-JhCC _dBD-JhCC |
||
| 041 | _aben | ||
| 082 |
_a966.4 _bUDD 2005 |
||
| 100 | _aউদ্দীন, কর্নেল জি র মো আশরাফ | ||
| 245 |
_aসাদা কাক ও কালো মানুষের গল্প / _cকর্নেল জি র মো আশরাফ উদ্দীন |
||
| 260 |
_aঢাকা : _bঅ্যার্ডন পাবলিকেশন, _c২০০৫. |
||
| 300 |
_a২০০ পৃ. : _bill. ; _c২২ সেমি. |
||
| 650 | _aSierra Leone | ||
| 942 |
_2ddc _cBK |
||